| 000 | 00504nam a2200157 4500 | ||
|---|---|---|---|
| 003 | OSt | ||
| 005 | 20211112133751.0 | ||
| 008 | 211111b ||||| |||| 00| 0 eng d | ||
| 040 | _cAIMIT LIBRARY | ||
| 082 | _a658.406 PURB | ||
| 100 |
_aPuri, Bharat;Maira, Arun. _eBharat,Arun;Maria,Arun _910269 |
||
| 245 |
_aCharting New Directions _bAIMA,31st National Level Management Convention _hEnglish |
||
| 260 |
_aNew Delhi _bExcel Multimedia |
||
| 650 |
_2Management Convention _aAIMA _910254 |
||
| 942 |
_2ddc _cCD |
||
| 999 |
_c220528 _d220528 |
||